| 000 | 01553nam0a2200373 4500 | ||
|---|---|---|---|
| 001 | RU\NLR\BIBL_A\012468242 | ||
| 005 | 20210405122530.0 | ||
| 010 |
_a978-5-98568-275-5 _92020 |
||
| 021 |
_aRU _bКН-П-20-068452 _9КН-П-20-5153 |
||
| 035 | _a(NLR Aleph) 012468242 | ||
| 035 | _a(RuMoRGB)010493019 | ||
| 090 |
_a12063611 _c12063611 |
||
| 100 | _a20210309d2020 u y0rusy50 ca | ||
| 101 | 0 | _arus | |
| 102 | _aRU | ||
| 105 | _aa|||zzzz000zy | ||
| 181 | 0 |
_ai _baxxe |
|
| 182 | 0 | _an | |
| 200 | 1 |
_aНаборы для экспериментирования по курсу "Окружающий мир" _eучебное пособие _fО. В. Георгадзе, И. Л. Марголина |
|
| 203 |
_aТекст _bвизуальный _cнепосредственный |
||
| 205 | _a3-е изд., испр. | ||
| 210 |
_aМосква _cВарсон _d2020 |
||
| 215 |
_a60 с. _cил., табл. _d21 |
||
| 225 | 1 | _aНачальная школа | |
| 225 | 1 | _aУчиться интересно! | |
| 606 | 1 |
_a"Окружающий мир", курс _jУчебные издания _xПрактические занятия _xНачальная школа _92377448 _3RU\NLR\AUTH\6601639905 |
|
| 686 | 1 | _aЧ426.44-266"Окр.мир"я7 | |
| 700 | 1 |
_aГеоргадзе _bО. В. _gОльга Викторовна |
|
| 701 | 1 |
_aМарголина _bИ. Л. _gИрина Леонидовна |
|
| 942 | _cBOOK | ||
| 980 | _aNBR | ||
| 980 | _aNB | ||